000 00495nam a2200181Ia 4500
005 20250326124227.0
008 250326s9999 xx 000 0 und d
037 _aTextbook
040 _aFMSL
_beng
_cFMSL
041 _aeng
_2eng
084 _aX:513 K9;2
_qFMSL
100 _aObermeyer H
_9737038
245 0 _aSuccessful advertising management
_cObermeyer H
260 _aNY
_bNY, McGraw-Hill
_c1969
300 _a241p
942 _cTB
_hX:513 K9;2
999 _c1272839
_d1272839